[Event "Florianopolis op 8th"]
[Site "Florianopolis"]
[Date "2022.01.29"]
[Round "8"]
[White "Moura, Eduardo Henrique B"]
[Black "Souza, Atahander"]
[Result "1/2-1/2"]
[WhiteElo "2127"]
[BlackElo "1867"]
[PlyCount "67"]
[EventDate "2022.01.24"]
[EventType "swiss"]
[EventRounds "10"]
[EventCountry "BRA"]
[SourceTitle "EXT 2023"]
[Source "ChessBase"]
[SourceDate "2022.10.05"]
[SourceVersion "1"]
[SourceVersionDate "2022.10.05"]
[SourceQuality "1"]

1. e4 c6 2. c4 d5 3. cxd5 cxd5 4. exd5 Qxd5 5. Nc3 Qd6 6. Nf3 Bg4 7. h3 Bd7 8. Bc4 Bc6 9. 0-0 Nf6 10. Re1 Nbd7 11. Qb3 0-0-0 12. Ng5 Ne5 13. Nxf7 Nxf7 14. Bxf7 e5 15. d3 Kb8 16. Bg5 Qb4 17. Rad1 Qxb3 18. Bxb3 Bd6 19. Ne4 Nxe4 20. dxe4 Bb4 21. Bxd8 Bxe1 22. Be7 Ba5 23. Bd6+ Bc7 24. f3 Re8 25. Kf2 Rd8 26. Bxc7+ Kxc7 27. Rxd8 Kxd8 28. Ke3 g5 29. g3 Kd7 30. h4 gxh4 31. gxh4 Ke7 32. f4 exf4+ 33. Kxf4 h6 34. Bd5 1/2-1/2

[Event "Brasilia-ch 53rd"]
[Site "Brasilia"]
[Date "2013.08.17"]
[Round "7"]
[White "Pottker, Gustavo Sartori"]
[Black "Souza, Atahander"]
[Result "1/2-1/2"]
[WhiteElo "1500"]
[BlackElo "1904"]
[PlyCount "132"]
[EventDate "2013.08.12"]
[EventType "swiss"]
[EventRounds "9"]
[EventCountry "BRA"]
[SourceTitle "CBM 155 Extra"]
[Source "ChessBase"]
[SourceDate "2013.08.26"]
[SourceVersion "1"]
[SourceVersionDate "2013.08.26"]
[SourceQuality "1"]

1. e4 Nf6 2. Nc3 d5 3. exd5 Nxd5 4. Bc4 e6 5. Qf3 c6 6. Nge2 Be7 7. d4 Nd7 8. a3 a6 9. 0-0 0-0 10. Ne4 N7f6 11. Rd1 Nxe4 12. Qxe4 f5 13. Qf3 Bd6 14. Qh5 Qc7 15. Qh4 Bd7 16. Rd3 Be7 17. Bg5 Bxg5 18. Qxg5 Qd8 19. Qd2 Qf6 20. Re1 Rae8 21. f4 Qd8 22. Nc1 b5 23. Ba2 Qc7 24. Re5 Kh8 25. Nb3 Qd6 26. Nc5 Bc8 27. Rh3 Nf6 28. c3 Re7 29. Qe1 Ng4 30. Qh4 g5 31. Qxg5 Rg7 32. Qh5 Nxe5 33. fxe5 Qe7 34. g3 f4 35. Ne4 fxg3 36. hxg3 Rff7 37. Nf6 c5 38. Bb1 cxd4 39. Bg6 dxc3 40. Bxf7 Rxf7 41. Qg5 Qd8 42. bxc3 Rd7 43. Kf1 Rg7 44. Ke2 Bb7 45. Qh5 Qe7 46. g4 Bd5 47. g5 Bc6 48. g6 Be8 49. Qf3 Rxg6 50. Qa8 Rg8 51. Qd8 Qb7 52. Nxg8 Qg2+ 53. Kd1 Qf1+ 54. Kd2 Qg2+ 55. Kc1 Qxh3 56. Nf6 Qxc3+ 57. Kd1 Qf3+ 58. Kd2 Qf4+ 59. Kd3 Qc4+ 60. Ke3 Qc3+ 61. Kf4 Qc1+ 62. Kg4 Qg1+ 63. Kh4 Qh2+ 64. Kg4 Qg2+ 65. Kf4 Qf2+ 66. Ke4 Qe2+ 1/2-1/2

[Event "Brasilia-ch 53rd"]
[Site "Brasilia"]
[Date "2013.08.13"]
[Round "2"]
[White "Seabra, Ricardo Manhaes"]
[Black "Souza, Atahander"]
[Result "1-0"]
[WhiteElo "1500"]
[BlackElo "1904"]
[PlyCount "93"]
[EventDate "2013.08.12"]
[EventType "swiss"]
[EventRounds "9"]
[EventCountry "BRA"]
[SourceTitle "CBM 155 Extra"]
[Source "ChessBase"]
[SourceDate "2013.08.26"]
[SourceVersion "1"]
[SourceVersionDate "2013.08.26"]
[SourceQuality "1"]

1. e4 Nc6 2. c4 d6 3. Nc3 e5 4. d3 f5 5. g3 Nf6 6. Bg2 Nd4 7. exf5 Nxf5 8. Bg5 Be7 9. Nge2 c6 10. 0-0 h6 11. Bxf6 Bxf6 12. Qb3 0-0 13. Ne4 g5 14. Rad1 Bg7 15. N4c3 Qc7 16. Be4 Ne7 17. d4 Bh3 18. Rfe1 Rae8 19. Qc2 Bg4 20. Rd2 Qb6 21. Na4 Qa5 22. a3 Nf5 23. b4 Qc7 24. f3 Bh3 25. d5 Ne7 26. c5 cxd5 27. Bxd5+ Nxd5 28. Rxd5 Rd8 29. Qd1 Rxf3 30. Rxd6 Rdf8 31. Qd5+ Kh8 32. Nf4 exf4 33. Qxf3 g4 34. Qd5 f3 35. Kf2 b5 36. Nc3 Qc8 37. Nxb5 a6 38. Nc3 Kh7 39. Rd7 Re8 40. Qf5+ Kh8 41. Qf7 Bd4+ 42. Rxd4 Re2+ 43. Rxe2 fxe2 44. Qf6+ Kh7 45. Qf7+ Kh8 46. Qf6+ Kh7 47. Rd8 1-0

[Event "Brasilia-ch 53rd"]
[Site "Brasilia"]
[Date "2013.08.12"]
[Round "1"]
[White "Souza, Atahander"]
[Black "Cunha, Lucas Aguiar"]
[Result "0-1"]
[WhiteElo "1904"]
[BlackElo "2249"]
[PlyCount "40"]
[EventDate "2013.08.12"]
[EventType "swiss"]
[EventRounds "9"]
[EventCountry "BRA"]
[SourceTitle "CBM 155 Extra"]
[Source "ChessBase"]
[SourceDate "2013.08.26"]
[SourceVersion "1"]
[SourceVersionDate "2013.08.26"]
[SourceQuality "1"]

1. Nf3 c5 2. c4 Nf6 3. Nc3 e6 4. g3 d5 5. e3 d4 6. Ne2 Nc6 7. a3 d3 8. Nc3 e5 9. e4 Bg4 10. Bg2 Nd4 11. h3 Bxf3 12. Bxf3 Nc2+ 13. Kf1 Nxa1 14. Qa4+ Qd7 15. Nb5 Kd8 16. b3 Nc2 17. Bb2 Nd4 18. Bxd4 cxd4 19. Kg2 a6 20. g4 h6 0-1